Erasmo, la Contrarreforma y el espíritu moderno /

Conjunto de textos sobre el período de la Reforma y la Contrarreforma, especialmente en la Francia del siglo XVI, y del espíritu filosófico de la época.

Збережено в:
Бібліографічні деталі
Автор: Febvre, Lucien (autor)
Формат: Книга
Мова:Іспанська
Опубліковано: Barcelona, España : Martínez Roca, 1971, c1970
Предмети:
Теги: Додати тег
Немає тегів, Будьте першим, хто поставить тег для цього запису!

MARC

LEADER 00000nam^a2200000^a^4500
001 000112297
005 20250521000000.0
009 20260310093902.305
037 |a Acervo ITESO - Biblioteca 
041 |a ESP 
082 |a 144.  |b FEB 
100 |a Febvre, Lucien  |e (autor) 
245 1 0 |a Erasmo, la Contrarreforma y el espíritu moderno /  |c L. Febvre ; tr. por Carlos Piera. 
264 4 |a Barcelona, España :  |b Martínez Roca,  |c 1971, c1970 
300 |a 259 p. 
336 |a texto  |b txt  |2 rdacontenido 
337 |a sin mediación  |b n  |2 rdamedio 
338 |a volumen  |b nc  |2 rdasoporte 
520 |a Conjunto de textos sobre el período de la Reforma y la Contrarreforma, especialmente en la Francia del siglo XVI, y del espíritu filosófico de la época. 
649 |a XX 
650 |a Filósofos Holandeses 
650 |a Humanismo 
650 |a Filosofía del Renacimiento 
650 |a Contrarreforma -  |x Historia -  |x Tema Principal 
650 |a Reforma -  |x Historia 
650 |a Iglesia Católica -  |x Historia 
650 |a Catolicismo -  |x Historia 
650 |a Protestantismo -  |x Historia 
650 |a Cristianismo -  |x Historia 
650 |a Religión -  |x Historia 
650 |a Francia -  |x Historia -  |y Período Clásico, 1515-1774 
650 |a Europa -  |x Historia -  |y 1517-1648 
650 |a Erasmo de Rotterdam -  |x Tema Principal 
910 |a Fondo Salvador Reynoso Reynoso 
920 |a Impresos - Libros 
930 |a Fondos Especiales 
905 |a 112 
901 |a 0800001509  |b IT2  |c ESP  |u 20250521 
902 |a https://opac.biblio.iteso.mx/vufind/Record/000112297